000 00582cam a22002053a 4500
001 42628
003 PGUSA
005 20140828083951.0
008 130501s2013||||xxu|||||s|||||000 | eng d
040 _aPGUSA
_beng
042 _adc
100 1 _aWatson, John R.
_q(John Reay),
_d1872-
245 1 0 _aPoachers and Poaching
_h[electronic resource] /
_cJohn R. Watson
260 _bProject Gutenberg,
_c2013
506 _aPublic domain in the USA.
516 _aElectronic text
830 0 _aProject Gutenberg
_v42628
856 4 0 _uhttp://www.gutenberg.org/ebooks/42628
942 _cEB
999 _c271880
_d271880